Communism in the Bible /

Bibliographic Details
Main Author: Miranda, José Porfirio
Format: Book
Language:English
Spanish
Published: Maryknoll, N.Y. : Orbis Books, [1982]
Subjects:

MARC

Tag First Indicator Second Indicator Subfields
LEADER 00000pam a2200000 a 4500
001 in00000088144
005 20151008065033.0
008 811015s1982 nyu b 00110 eng
010 |a  81016936  
020 |a 0883440148 (pbk.) 
035 |a (OCoLC)07923422 
035 |9 AAK5245AM 
039 0 |a 2  |b 3  |c 3  |d 3  |e 3 
040 |a DLC  |c DLC  |d TXA  |d UtOrBLW 
041 1 |a eng  |a spa 
049 |a TXAM  |c [802217] 
050 0 0 |a BS670  |b .M5513 
082 0 |a 261.8  |2 19 
100 1 |a Miranda, José Porfirio. 
240 1 0 |a Comunismo en la Biblia.  |l English 
245 1 0 |a Communism in the Bible /  |c Jose Porfirio Miranda ; translated from the Spanish by Robert R. Barr. 
264 1 |a Maryknoll, N.Y. :  |b Orbis Books,  |c [1982] 
264 4 |c ©1982 
300 |a x, 85 pages ;  |c 21 cm. 
336 |a text  |b txt  |2 rdacontent 
337 |a unmediated  |b n  |2 rdamedia 
338 |a volume  |b nc  |2 rdacarrier 
500 |a Translation of: Comunismo en la Biblia. 
500 |a Includes index. 
504 |a Bibliography: pages 79-80. 
650 0 |a Sociology, Biblical. 
650 0 |a Communism and Christianity  |x Biblical teaching. 
999 |a MARS 
999 f f |s a7c14b41-9a09-3dec-8ffc-d57a12bee623  |i 5edc7d3d-c501-32cd-b7ef-f942c60a0e26  |t 0 
952 f f |p ric  |a Texas A&M University  |b Rellis Campus  |c Joint Library Facility  |d Remote Storage  |t 0  |e BS670 .M5513  |h Library of Congress classification  |i unmediated -- volume  |m A14806091640 
998 f f |a BS670 .M5513  |t 0  |l Remote Storage